| 000 | 01298nam a2200325Ia 4500 | ||
|---|---|---|---|
| 001 | ebr10226972 | ||
| 003 | CaPaEBR | ||
| 006 | m u | ||
| 007 | cr cn||||||||| | ||
| 008 | 050512s2005 qucab sb 000 0 eng d | ||
| 020 | _z9780773573291 | ||
| 020 | _z0773530096 | ||
| 040 |
_aCaPaEBR _cCaPaEBR |
||
| 035 | _a(OCoLC)243616300 | ||
| 050 | 1 | 4 |
_aND3137 _b.S53 2005eb |
| 082 | 0 | 4 |
_a841/.5 _222 |
| 100 | 1 | _aSlavin, Michael. | |
| 245 | 1 | 4 |
_aThe ancient books of Ireland _h[electronic resource] / _cMichael Slavin. |
| 260 |
_aMontreal ; _aIthaca : _bMcGill-Queen's University Press, _cc2005. |
||
| 300 |
_ax, 198 p. : _bill. (some col.), maps (some col.) |
||
| 504 | _aIncludes bibliographical references (p. 195-198). | ||
| 533 |
_aElectronic reproduction. _bPalo Alto, Calif. : _cebrary, _d2009. _nAvailable via World Wide Web. _nAccess may be limited to ebrary affiliated libraries. |
||
| 650 | 0 |
_aCivilization, Celtic _vSources. |
|
| 650 | 0 | _aIllumination of books and manuscripts, Celtic. | |
| 650 | 0 |
_aManuscripts, Medieval _zIreland. |
|
| 651 | 0 |
_aIreland _xHistory _vSources. |
|
| 655 | 7 |
_aElectronic books. _2local |
|
| 710 | 2 | _aebrary, Inc. | |
| 856 | 4 | 0 |
_uhttp://site.ebrary.com/lib/rucke/Doc?id=10226972 _zAn electronic book accessible through the World Wide Web; click to view |
| 999 |
_c41141 _d41141 |
||